000 00401nam a22001457a 4500
005 20200611120135.0
008 200611b xxu||||| |||| 00| 0 eng d
082 _a345.4 AIR
110 _aALL INDIA REPORTER,
_95990
245 _aALL INDIA REPORTER, [2000] [VOL-87] SUPREME COURT SECTION
260 _aBOMBAY
_bALL INDIA REPORTER, PVT. LTD.
300 _a1440;p
650 _aLAW
_95701
942 _cJRL
999 _c7051
_d7049